Kosmopolitismus základní ideje globálního uspořádání
Salvato in:
| Autore principale: | |
|---|---|
| Natura: | Libro |
| Lingua: | ceco |
| Pubblicazione: |
Praha
Filosofia
2011
|
| Serie: | Filosofie a sociální vědy
39 |
| Soggetti: | |
| Tags: |
Nessun Tag, puoi essere il primo ad aggiungerne!!
|
MARC
| LEADER | 00000nam a2200000 4500 | ||
|---|---|---|---|
| 001 | 0149350 | ||
| 005 | 20240312122423.0 | ||
| 020 | |a 978-80-7007-346-9 | ||
| 041 | 0 | |a cze | |
| 044 | |a CZ | ||
| 245 | 1 | 0 | |a Kosmopolitismus |b základní ideje globálního uspořádání |c Robert Fine |
| 264 | 1 | |a Praha |b Filosofia |c 2011 | |
| 300 | |a 273 s. | ||
| 490 | 1 | |a Filosofie a sociální vědy |v 39 | |
| 830 | 0 | |a Filosofie a sociální vědy |v 39 | |
| 610 | 2 | 0 | |a vedy spoločenské |
| 610 | 2 | 0 | |a štát sociálny |
| 610 | 2 | 0 | |a štát |
| 610 | 2 | 0 | |a občianstvo štátne |
| 610 | 2 | 0 | |a právo medzinárodné |
| 100 | 1 | |a Fine, Robert | |